| 000 | 00955nam a2200205Ia 4500 | ||
|---|---|---|---|
| 003 | IN-BaIIA | ||
| 008 | 211028s9999 xx 000 0 eng d | ||
| 020 | _a90-277-1181-X | ||
| 040 | _cIIA Library | ||
| 080 |
_a52(082.1) _bASS-83 |
||
| 111 |
_aJoint Session of Commissions 16, 40, and 44, on Strategies for the Search for Life in the Universe _cMontral,Canada _d1979 Aug. 15-16 _911597 |
||
| 245 | 0 |
_aStrategies for the search for life in the universe _bproceedings of a joint session of comMissions 16, 40, and 44, on strategies for the search for life in the universe, held in Montreal, Canada, 15 and 16 August, 1979 _cedited by M. D. Papagiannis |
|
| 260 |
_aDordrecht _bD. Reidel Publishing _c1980 |
||
| 300 | _a[various pagings.] | ||
| 650 |
_aAstronomy _980 |
||
| 650 | _aAstronomy and Astrophysics thesaurus | ||
| 650 |
_aExtraterrestrial life _94250 |
||
| 700 |
_aPapagiannis, M. D., ed. _911598 |
||
| 942 | _cBK | ||
| 999 |
_c6769 _d6769 |
||